Carte topologique des départements de France - Carte Quiz - Statistiques

Statistiques générales
  • Ce quiz a été pris 6 043 fois
    5 809 depuis la dernière actualisation
  • Le résultat moyen est 46 sur 94
Réponses sur la Carte
Les réponses sont colorées sur une échelle allant du rouge au vert en fonction du pourcentage des utilisateurs qui les ont devinées à leur premier essai. Vous pouvez retrouver ces pourcentages ci-dessous.
 
Statistiques - réponses
Réponse % Correct
Paris
77%
Finistère
65%
Ille-et-Vilaine
63%
Alpes-Maritimes
62%
Pyrénées-Atlantiques
62%
Bouches-du-Rhône
61%
Côtes-d'Armor
60%
Morbihan
60%
Landes
59%
Nord
59%
Gironde
58%
Haut-Rhin
58%
Seine-Saint-Denis
58%
Alpes-de-Haute-Provence
57%
Pas-de-Calais
57%
Bas-Rhin
57%
Var
57%
Hautes-Alpes
56%
Loire-Atlantique
56%
Oise
56%
Pyrénées-Orientales
56%
Seine-et-Marne
56%
Charente-Maritime
55%
Yvelines
55%
Vendée
55%
Hauts-de-Seine
55%
Val-d'Oise
55%
Somme
54%
Essonne
54%
Savoie
53%
Haute-Savoie
53%
Seine-Maritime
53%
Vaucluse
53%
Val-de-Marne
53%
Calvados
52%
Hérault
52%
Manche
52%
Gard
51%
Moselle
51%
Aisne
50%
Ardennes
50%
Hautes-Pyrénées
50%
Territoire-de-Belfort
50%
Charente
49%
Meurthe-et-Moselle
49%
Rhône
49%
Ain
48%
Vosges
48%
Isère
47%
Meuse
47%
Ariège
46%
Orne
46%
Dordogne
45%
Haute-Garonne
45%
Puy-de-Dôme
45%
Sarthe
45%
Côte-d'Or
44%
Jura
44%
Marne
44%
Allier
43%
Aude
43%
Cantal
43%
Drôme
43%
Eure-et-Loir
43%
Loire
43%
Loiret
43%
Maine-et-Loire
43%
Haute-Marne
43%
Yonne
43%
Doubs
42%
Eure
42%
Nièvre
42%
Saône-et-Loire
42%
Cher
41%
Creuse
41%
Haute-Loire
41%
Mayenne
41%
Haute-Vienne
41%
Ardèche
40%
Aube
40%
Aveyron
40%
Corrèze
40%
Haute-Saône
40%
Vienne
40%
Gers
39%
Indre
39%
Indre-et-Loire
39%
Lozère
38%
Loir-et-Cher
37%
Lot
36%
Deux-Sèvres
36%
Tarn
35%
Tarn-et-Garonne
34%
Lot-et-Garonne
33%
Aucun quiz correspondant
Distribution des résultats
% des personnes avec chaque résultat
Percentile par nombre de réponses
Votre historique - résultats
Vous n’avez pas pris ce quiz depuis la dernière actualisation